Power user’s guide to Windows development

Canada-Vietnam Education Network;

সংরক্ষণ করুন:
গ্রন্থ-পঞ্জীর বিবরন
প্রধান লেখক: Darby, Jason
অন্যান্য লেখক: Benjamin, Evan
বিন্যাস: গ্রন্থ
ভাষা:Undetermined
প্রকাশিত: Boston, Mass. Charles River Media 2007
বিষয়গুলি:
অনলাইন ব্যবহার করুন:http://lrc.tdmu.edu.vn/opac/search/detail.asp?aID=2&ID=7729
ট্যাগগুলো: ট্যাগ যুক্ত করুন
কোনো ট্যাগ নেই, প্রথমজন হিসাবে ট্যাগ করুন!
Thư viện lưu trữ: Trung tâm Học liệu Trường Đại học Thủ Dầu Một
LEADER 00904nam a2200217Ia 4500
001 TDMU_7729
008 210410s9999 xx 000 0 und d
082 |a 005.4 
090 |b D109 
100 |a Darby, Jason 
245 0 |a Power user’s guide to Windows development 
245 0 |c Jason Darby 
260 |a Boston, Mass. 
260 |b Charles River Media 
260 |c 2007 
300 |a xxiv, 455 p. 
520 |a Canada-Vietnam Education Network;   |c  tặng;   |d  2010 
650 |a Microsoft Windows (Computer file); Windows (Computer programs); Computer software   |x  Development; Microsoft Windows (Tập tin máy tính) ; Windows (Chương trình máy tính); Phần mềm máy tính  |x Phát triển 
700 |a Benjamin, Evan 
856 |u http://lrc.tdmu.edu.vn/opac/search/detail.asp?aID=2&ID=7729 
980 |a Trung tâm Học liệu Trường Đại học Thủ Dầu Một